Introduction to banking / (Record no. 7704)
[ view plain ]
| 000 -LEADER | |
|---|---|
| fixed length control field | 00917cac a22002895a 4500 |
| 005 - DATE AND TIME OF LATEST TRANSACTION | |
| control field | 20170911144743.0 |
| 008 - FIXED-LENGTH DATA ELEMENTS--GENERAL INFORMATION | |
| fixed length control field | 150104t2006 enka frbd 001 0 eng d |
| 010 ## - LIBRARY OF CONGRESS CONTROL NUMBER | |
| LC control number | 013507093 |
| 020 ## - INTERNATIONAL STANDARD BOOK NUMBER | |
| International Standard Book Number | 9780273693024 (pbk.) |
| 022 ## - INTERNATIONAL STANDARD SERIAL NUMBER | |
| International Standard Serial Number | 0273693026 (pbk.) |
| 040 ## - CATALOGING SOURCE | |
| Language of cataloging | eng |
| Modifying agency | EG-ScBUE |
| 082 04 - DEWEY DECIMAL CLASSIFICATION NUMBER | |
| Classification number | 332.1 |
| Item number | CAS |
| Edition number | 22 |
| 100 1# - MAIN ENTRY--PERSONAL NAME | |
| Personal name | Casu, Barbara. |
| 245 10 - TITLE STATEMENT | |
| Title | Introduction to banking / |
| Statement of responsibility, etc | Barbara Casu, Claudia Girardone, Philip Molyneux. |
| 260 ## - PUBLICATION, DISTRIBUTION, ETC. (IMPRINT) | |
| Place of publication, distribution, etc | Harlow : |
| Name of publisher, distributor, etc | Prentice Hall Financial Times, |
| Date of publication, distribution, etc | c.2006. |
| 300 ## - PHYSICAL DESCRIPTION | |
| Extent | xxxi, 526 p. : |
| Other physical details | ill. ; |
| Dimensions | 25 cm. |
| 500 ## - GENERAL NOTE | |
| General note | Index : p. 509-526. |
| 500 ## - GENERAL NOTE | |
| General note | Glossary : p. 469-497. |
| 504 ## - BIBLIOGRAPHY, ETC. NOTE | |
| Bibliography, etc | Includes bibliographical references. |
| 590 ## - LOCAL NOTE (RLIN) | |
| Local note | doaa mohamed |
| 650 #7 - SUBJECT ADDED ENTRY--TOPICAL TERM | |
| Topical term or geographic name as entry element | Banks and banking. |
| Source of heading or term | BUEsh |
| 9 (RLIN) | 5607 |
| 651 ## - SUBJECT ADDED ENTRY--GEOGRAPHIC NAME | |
| Source of heading or term | BUEsh |
| 653 ## - INDEX TERM--UNCONTROLLED | |
| Resource For college | BAEPS, Economics |
| Arrived date list | September2017 |
| 700 1# - ADDED ENTRY--PERSONAL NAME | |
| Personal name | Girardone, Claudia |
| 700 1# - ADDED ENTRY--PERSONAL NAME | |
| Personal name | Molyneux, Philip |
| 9 (RLIN) | 32840 |
| 942 ## - ADDED ENTRY ELEMENTS (KOHA) | |
| Call number prefix | 332.1 CAS |
| Source of classification or shelving scheme | Dewey Decimal Classification |
| Withdrawn status | Item status | Source of classification or shelving scheme | Damaged status | Not for loan | Home library | Current library | Shelving location | Date acquired | Source of acquisition | Total Checkouts | Total Renewals | Full call number | Barcode | Date last seen | Date last borrowed | Koha item type | Vendor | Cost, normal purchase price | Serial Enumeration / chronology | Checked out |
|---|---|---|---|---|---|---|---|---|---|---|---|---|---|---|---|---|---|---|---|---|
| Dewey Decimal Classification | Central Library | Central Library | First floor | 13/03/2008 | Purchase | 27 | 110 | 332.1 CAS | 000009069 | 15/07/2025 | 03/10/2017 | Book - Borrowing | ||||||||
| Central Library | Central Library | First floor | 13/03/2008 | Purchase | 8 | 332.1 CAS | 000009070 | 15/07/2025 | 22/03/2012 | NB - Book (Non borrowing) | ||||||||||
| Central Library | Central Library | First floor | 13/03/2008 | Purchase | 19 | 46 | 332.1 CAS | 000001361 | 15/07/2025 | 03/10/2017 | Book - Borrowing | |||||||||
| Dewey Decimal Classification | Central Library | Central Library | First floor | 13/03/2008 | Purchase | 17 | 63 | 332.1 CAS | 000010004 | 15/07/2025 | 25/10/2015 | Book - Borrowing | ||||||||
| Dewey Decimal Classification | Central Library | Central Library | First floor | 01/02/2009 | 18 | 97 | 332.1 CAS | 000014585 | 15/07/2025 | 23/09/2019 | Book - Borrowing | Alahram | 228.50 | 6457 | ||||||
| Dewey Decimal Classification | Central Library | Central Library | First floor | 01/03/2009 | 13 | 56 | 332.1 CAS | 000015342 | 16/09/2015 | 16/09/2015 | Book - Borrowing | Baccah | 18/09/2017 | |||||||
| Dewey Decimal Classification | Central Library | Central Library | First floor | 10/03/2011 | 22 | 85 | 332.1 CAS | 000022629 | 15/07/2025 | 03/10/2017 | Book - Borrowing | Baccah | ||||||||
| Dewey Decimal Classification | Central Library | Central Library | First floor | 10/03/2011 | 19 | 85 | 332.1 CAS | 000022628 | 15/07/2025 | 06/09/2017 | Book - Borrowing | Baccah |